000 01053nam a2200205Ia 4500
003 OSt
005 20241011135311.0
007 ca aa aaaaa
008 201103s9999 xx 000 0 und d
040 _cSSBUL
041 _abur
082 _223
_a၂၉၄.၃၄၃၅၀၉ ရွှေ
_b၉၁၄၈ S-SAT
100 0 _aရွှေကိုင်းသား။
_917325
245 1 0 _aရွှေကြက်ယက်၊ ရွှေကြက်ကျဘုရားသမိုင်း /
_cရွှေကိုင်းသား။
260 _aမန္တလေး ၊
_bရွှေကြက်ယက်၊ ရွှေကြက်ကျဘုရားဘက်စုံဖွံ့ဖြိုးတိုးတက်ရေးကော်မတီ၊
_c[၁၉၆၂]။
300 _a၇၁ စာမျက်နှာ ၊
_c၁၈ စင်တီ။
500 _aS-SAT: Dr. Sai Aung Tun
650 _aရွှေကြက်ယက်၊ ရွှေကြက်ကျဘုရား
_vသမိုင်း
_955044
942 _2ddc
_cBK1
999 _c16709
_d16709